League of Legends - LPL Champions - Statistics

General Stats
  • This quiz has been taken 1,700 times
    1,143 since last reset
  • The average score is 38 of 79
Answer Stats
Wins Team/Player % Correct
6 EDward Gaming
96%
4 JD Gaming
95%
1 Invictus Gaming
94%
5 RNG
94%
1 FunPlus Phoenix
93%
4 369
90%
2 Ruler
90%
1 TheShy
87%
3 knight
86%
3 Scout
85%
2 JackeyLove
84%
4 Meiko
84%
3 U
84%
1 Rookie
83%
1 Team WE
83%
1 Top Esports
83%
5 Xiaohu
83%
1 Doinb
82%
2 Uzi
82%
4 Kanavi
81%
1 Viper
80%
1 Tian
79%
1 Crisp
78%
1 Ben
77%
1 Flandre
76%
1 Bin
75%
1 Lwx
75%
2 GALA
74%
3 Missing
74%
2 Wei
74%
2 Yagao
74%
1 Jiejie
72%
4 Ming
70%
1 Ning
69%
1 Baolan
68%
1 GimGoon
67%
2 Deft
62%
3 Karsa
54%
1 Hope
46%
5 Clearlove
44%
1 Cryin
44%
1 Oh My God
44%
3 Mlxg
43%
1 Mata
42%
1 PawN
38%
1 imp
35%
2 Letme
32%
1 LGD Gaming
27%
1 Zoom
27%
3 Koro1
24%
1 Looper
23%
1 iBoy
22%
1 LvMao
21%
1 xiye
21%
1 LokeN
19%
1 Mystic
19%
1 yuyanjia
18%
1 957
16%
2 Mouse
16%
1 Acorn/Flame
14%
1 GODV
13%
1 Able
12%
1 Positive Energy
12%
1 Cool
11%
2 Zzitay
11%
1 Condi
10%
1 Gogoing
10%
4 NaMei
10%
1 Pyl
8%
1 wuxx
8%
2 Fzzf
6%
1 san
6%
1 TBQ
6%
1 LoveLin
5%
1 bigpomelo
4%
1 Canines
3%
1 Jojo
3%
1 Sicca
3%
1 Ziv
3%
No matching quizzes found
Score Distribution
Percent of People with Each Score
Percentile by Number Answered
Your Score History
You have not taken this quiz since the last reset